Statistics for No Control-Lyrics

Click here to take the quiz!

General Stats

  • This quiz has been taken 205 times
    (191 since last reset)
  • The average score is 208 of 240

Answer Stats

% Correct
i
100%
I
100%
a
99%
no
99%
beside
98%
can't
98%
control'
98%
control
98%
I'm
98%
you
98%
gun
97%
up
97%
loaded
95%
waking
95%
anymore
94%
got
94%
this
93%
all
92%
enough
91%
I've
91%
of
91%
it
90%
just
90%
yours
90%
my
89%
and
88%
get
88%
contain
87%
obvious
87%
don't
86%
it's
86%
the
86%
are
83%
care
83%
eyes
83%
closed
82%
cup
81%
obvious
81%
coffee
80%
lay
79%
powerless
79%
in
78%
not
76%
where
76%
down
75%
on
75%
her
74%
lipsticks
73%
sweet
73%
pillow
71%
stained
71%
case
70%
here
70%
before
67%
day
67%
night
67%
pedal's
67%
stay
66%
wash
66%
could
65%
right
65%
taste
65%
away
64%
burn
64%
count
64%
tongue
64%
fingerprint
63%
heat
63%
hours
63%
lost
63%
senses
63%
sour
63%
wanna
63%
lying
61%
me
61%
innocence
60%
perfumes
60%
still
60%
trace
60%
holding
59%
defenseless
51%
ransom
51%
heart
42%
devoured
40%

Score Distribution

Percentile by Number Answered

Percent of People with Each Score

Your Score History

You have not taken this quiz since the last reset